LDR 00794naa#a2200169#i#450# 001 RU\NORMA\bibl\12999 005 20260630165308.2 011 ## _a1991-3222 100 ## _a20160905b2016####ek#y0rusy0150####ca 101 0# _aRUS 102 ## _aRU 200 1# _aРазвитие конституционного права на охрану здоровья и медицинскую помощь, его судебную и внесудебную защиту: сравнительно-правовое исследование _eЖурнальная статья 210 1# _aМосква _cЮридическое издательство Норма _d2016 215 ## _a0 с. 608 ## _aЖурнальная статья _2local 700 #1 _aТимофеев _gИгорь Владимирович 856 4# _anaukaru.ru _u